Monsterverse Monsters - Statistics

General Stats
  • This quiz has been taken 52 times
    50 since last reset
  • The average score is 18 of 31
Answer Stats
Answer % Correct
Godzilla (2014) Godzilla 2014
100%
Kong: Skull Island Kong 2017
98%
Mothra
95%
Godzilla: King of the Monsters King Ghidorah 2019
85%
Female MUTO
83%
Male MUTO
83%
Godzilla vs. Kong Mechagodzilla 2021
80%
Godzilla x Kong: The New Empire Skar King 2024
80%
Skullcrawler
80%
Rodan
75%
Scylla
75%
Shimo
75%
Queen MUTO
73%
Behemoth
70%
Methuselah
68%
Doug
58%
Suko
58%
Mother Longlegs
53%
Tiamat
53%
Warbat
53%
Leafwing
40%
Sker Buffalo
40%
Spore Mantis
40%
Wart Dog
38%
Hellhawk
35%
Mire Squid
33%
Rockclaw
30%
Drownviper
28%
Tree Mimic
23%
Vertacine
23%
Parrot Frog
15%
No matching quizzes found
Score Distribution
Percent of People with Each Score
Percentile by Number Answered
Your Score History
You have not taken this quiz since the last reset